000 00542cam a2200181Ia 4500
020 _a2904105042
040 _cFPU
082 _a503 GOU 1994 A034 Or.
100 1 _aGoursau, Henri
245 1 0 _aDictionnaire technique et scientifique :
_banglais-fran©ʹais = Dictionary of technical and scientific terms : English-French.
250 _a1. ed
260 _aSaint-Orens-de-Gameville, France :
_bH. Goursau,
_cc1994
300 _a924 p. ;
_c18 cm
650 0 _aTechnology
650 0 _aScience
650 0 _aEnglish language
942 _cFB
999 _c13548
_d13548